<?xml version="1.0" encoding="UTF-8"?>
<marc:record xmlns:marc="http://www.loc.gov/MARC21/slim" type="Bibliographic">
   <marc:leader>00000pam a2200000 c 4500</marc:leader>
   <marc:controlfield tag="001">997919582</marc:controlfield>
   <marc:controlfield tag="003">DE-101</marc:controlfield>
   <marc:controlfield tag="005">20171202122146.0</marc:controlfield>
   <marc:controlfield tag="007">tu</marc:controlfield>
   <marc:controlfield tag="008">091106s2009    au ||||| |||| 00||||ger  </marc:controlfield>
   <marc:datafield ind1=" " ind2=" " tag="015">
      <marc:subfield code="a">10,B07</marc:subfield>
      <marc:subfield code="z">09,N50,3675</marc:subfield>
      <marc:subfield code="2">dnb</marc:subfield>
   </marc:datafield>
   <marc:datafield ind1="7" ind2=" " tag="016">
      <marc:subfield code="2">DE-101</marc:subfield>
      <marc:subfield code="a">997919582</marc:subfield>
   </marc:datafield>
   <marc:datafield ind1=" " ind2=" " tag="020">
      <marc:subfield code="a">9783901251337</marc:subfield>
      <marc:subfield code="c">Pp.</marc:subfield>
      <marc:subfield code="9">978-3-901251-33-7</marc:subfield>
   </marc:datafield>
   <marc:datafield ind1="3" ind2=" " tag="024">
      <marc:subfield code="a">9783901251337</marc:subfield>
   </marc:datafield>
   <marc:datafield ind1=" " ind2=" " tag="035">
      <marc:subfield code="a">(DE-599)DNB997919582</marc:subfield>
   </marc:datafield>
   <marc:datafield ind1=" " ind2=" " tag="035">
      <marc:subfield code="a">(OCoLC)520886825</marc:subfield>
   </marc:datafield>
   <marc:datafield ind1=" " ind2=" " tag="040">
      <marc:subfield code="a">1145</marc:subfield>
      <marc:subfield code="b">ger</marc:subfield>
      <marc:subfield code="c">DE-101</marc:subfield>
      <marc:subfield code="d">9999</marc:subfield>
   </marc:datafield>
   <marc:datafield ind1=" " ind2=" " tag="041">
      <marc:subfield code="a">ger</marc:subfield>
   </marc:datafield>
   <marc:datafield ind1=" " ind2=" " tag="044">
      <marc:subfield code="c">XA-AT</marc:subfield>
   </marc:datafield>
   <marc:datafield ind1="0" ind2="4" tag="082">
      <marc:subfield code="8">1\u</marc:subfield>
      <marc:subfield code="a">942.073</marc:subfield>
      <marc:subfield code="q">DE-101</marc:subfield>
      <marc:subfield code="2">22/ger</marc:subfield>
   </marc:datafield>
   <marc:datafield ind1="7" ind2=" " tag="083">
      <marc:subfield code="a">940</marc:subfield>
      <marc:subfield code="q">DE-101</marc:subfield>
      <marc:subfield code="2">22sdnb</marc:subfield>
   </marc:datafield>
   <marc:datafield ind1=" " ind2=" " tag="085">
      <marc:subfield code="8">1\u</marc:subfield>
      <marc:subfield code="b">942.073</marc:subfield>
   </marc:datafield>
   <marc:datafield ind1=" " ind2=" " tag="090">
      <marc:subfield code="a">b</marc:subfield>
   </marc:datafield>
   <marc:datafield ind1="0" ind2=" " tag="100">
      <marc:subfield code="0">(DE-588)118557750</marc:subfield>
      <marc:subfield code="0">http://d-nb.info/gnd/118557750</marc:subfield>
      <marc:subfield code="0">(DE-101)118557750</marc:subfield>
      <marc:subfield code="a">Johann</marc:subfield>
      <marc:subfield code="c">Österreich, Erzherzog</marc:subfield>
      <marc:subfield code="d">1782-1859</marc:subfield>
      <marc:subfield code="e">Verfasser</marc:subfield>
      <marc:subfield code="4">aut</marc:subfield>
   </marc:datafield>
   <marc:datafield ind1="0" ind2="0" tag="245">
      <marc:subfield code="a">&#x98;"Ein&#x9c; Land, wo ich viel gesehen"</marc:subfield>
      <marc:subfield code="b">aus dem Tagebuch der England-Reise 1815/16</marc:subfield>
      <marc:subfield code="c">Erzherzog Johann von Österreich. Hrsg. von Alfred Ableitinger und Meinhard Brunner. Bearb: Gerhard Dinacher ...</marc:subfield>
   </marc:datafield>
   <marc:datafield ind1=" " ind2="1" tag="264">
      <marc:subfield code="a">Graz</marc:subfield>
      <marc:subfield code="b">Historische Landeskomm. für Steiermark</marc:subfield>
      <marc:subfield code="c">2009</marc:subfield>
   </marc:datafield>
   <marc:datafield ind1=" " ind2=" " tag="300">
      <marc:subfield code="a">518 S.</marc:subfield>
      <marc:subfield code="b">Ill.</marc:subfield>
      <marc:subfield code="c">25 cm</marc:subfield>
   </marc:datafield>
   <marc:datafield ind1=" " ind2=" " tag="336">
      <marc:subfield code="a">Text</marc:subfield>
      <marc:subfield code="b">txt</marc:subfield>
      <marc:subfield code="2">rdacontent</marc:subfield>
   </marc:datafield>
   <marc:datafield ind1=" " ind2=" " tag="337">
      <marc:subfield code="a">ohne Hilfsmittel zu benutzen</marc:subfield>
      <marc:subfield code="b">n</marc:subfield>
      <marc:subfield code="2">rdamedia</marc:subfield>
   </marc:datafield>
   <marc:datafield ind1=" " ind2=" " tag="338">
      <marc:subfield code="a">Band</marc:subfield>
      <marc:subfield code="b">nc</marc:subfield>
      <marc:subfield code="2">rdacarrier</marc:subfield>
   </marc:datafield>
   <marc:datafield ind1="1" ind2=" " tag="490">
      <marc:subfield code="a">Veröffentlichungen der Historischen Landeskommission für Steiermark</marc:subfield>
      <marc:subfield code="v">Bd. 41</marc:subfield>
   </marc:datafield>
   <marc:datafield ind1=" " ind2=" " tag="500">
      <marc:subfield code="a">Literaturangaben</marc:subfield>
   </marc:datafield>
   <marc:datafield ind1="0" ind2="7" tag="600">
      <marc:subfield code="0">(DE-588)118557750</marc:subfield>
      <marc:subfield code="0">http://d-nb.info/gnd/118557750</marc:subfield>
      <marc:subfield code="0">(DE-101)118557750</marc:subfield>
      <marc:subfield code="a">Johann</marc:subfield>
      <marc:subfield code="c">Österreich, Erzherzog</marc:subfield>
      <marc:subfield code="d">1782-1859</marc:subfield>
      <marc:subfield code="2">gnd</marc:subfield>
   </marc:datafield>
   <marc:datafield ind1=" " ind2="7" tag="648">
      <marc:subfield code="a">Geschichte 1815-1816</marc:subfield>
      <marc:subfield code="2">gnd</marc:subfield>
   </marc:datafield>
   <marc:datafield ind1=" " ind2="7" tag="651">
      <marc:subfield code="0">(DE-588)4014770-8</marc:subfield>
      <marc:subfield code="0">http://d-nb.info/gnd/4014770-8</marc:subfield>
      <marc:subfield code="0">(DE-101)040147703</marc:subfield>
      <marc:subfield code="a">England</marc:subfield>
      <marc:subfield code="2">gnd</marc:subfield>
   </marc:datafield>
   <marc:datafield ind1=" " ind2=" " tag="653">
      <marc:subfield code="a">(VLB-PF)BB: Gebunden</marc:subfield>
   </marc:datafield>
   <marc:datafield ind1=" " ind2=" " tag="653">
      <marc:subfield code="a">(VLB-WN)1555: Hardcover, Softcover / Geschichte/Neuzeit bis 1918</marc:subfield>
   </marc:datafield>
   <marc:datafield ind1=" " ind2="7" tag="655">
      <marc:subfield code="0">(DE-588)4058900-6</marc:subfield>
      <marc:subfield code="0">http://d-nb.info/gnd/4058900-6</marc:subfield>
      <marc:subfield code="0">(DE-101)040589005</marc:subfield>
      <marc:subfield code="a">Tagebuch</marc:subfield>
      <marc:subfield code="y">1815-1816</marc:subfield>
      <marc:subfield code="2">gnd-content</marc:subfield>
   </marc:datafield>
   <marc:datafield ind1=" " ind2="7" tag="655">
      <marc:subfield code="0">(DE-588)4135952-5</marc:subfield>
      <marc:subfield code="0">http://d-nb.info/gnd/4135952-5</marc:subfield>
      <marc:subfield code="0">(DE-101)041359526</marc:subfield>
      <marc:subfield code="a">Quelle</marc:subfield>
      <marc:subfield code="2">gnd-content</marc:subfield>
   </marc:datafield>
   <marc:datafield ind1=" " ind2="7" tag="655">
      <marc:subfield code="a">Tagebuch 1815-1816</marc:subfield>
      <marc:subfield code="2">gnd</marc:subfield>
   </marc:datafield>
   <marc:datafield ind1=" " ind2="7" tag="655">
      <marc:subfield code="a">Quelle</marc:subfield>
      <marc:subfield code="2">gnd</marc:subfield>
   </marc:datafield>
   <marc:datafield ind1="0" ind2="0" tag="689">
      <marc:subfield code="0">(DE-588)118557750</marc:subfield>
      <marc:subfield code="0">http://d-nb.info/gnd/118557750</marc:subfield>
      <marc:subfield code="0">(DE-101)118557750</marc:subfield>
      <marc:subfield code="D">p</marc:subfield>
      <marc:subfield code="a">Johann</marc:subfield>
      <marc:subfield code="c">Österreich, Erzherzog</marc:subfield>
      <marc:subfield code="d">1782-1859</marc:subfield>
   </marc:datafield>
   <marc:datafield ind1="0" ind2="1" tag="689">
      <marc:subfield code="A">f</marc:subfield>
      <marc:subfield code="a">Tagebuch 1815-1816</marc:subfield>
   </marc:datafield>
   <marc:datafield ind1="0" ind2=" " tag="689">
      <marc:subfield code="5">DE-101</marc:subfield>
      <marc:subfield code="5">DE-101</marc:subfield>
   </marc:datafield>
   <marc:datafield ind1="1" ind2="0" tag="689">
      <marc:subfield code="0">(DE-588)4014770-8</marc:subfield>
      <marc:subfield code="0">http://d-nb.info/gnd/4014770-8</marc:subfield>
      <marc:subfield code="0">(DE-101)040147703</marc:subfield>
      <marc:subfield code="D">g</marc:subfield>
      <marc:subfield code="a">England</marc:subfield>
   </marc:datafield>
   <marc:datafield ind1="1" ind2="1" tag="689">
      <marc:subfield code="A">z</marc:subfield>
      <marc:subfield code="a">Geschichte 1815-1816</marc:subfield>
   </marc:datafield>
   <marc:datafield ind1="1" ind2="2" tag="689">
      <marc:subfield code="A">f</marc:subfield>
      <marc:subfield code="a">Quelle</marc:subfield>
   </marc:datafield>
   <marc:datafield ind1="1" ind2=" " tag="689">
      <marc:subfield code="5">DE-101</marc:subfield>
      <marc:subfield code="5">DE-101</marc:subfield>
   </marc:datafield>
   <marc:datafield ind1="1" ind2=" " tag="700">
      <marc:subfield code="0">(DE-588)122101480</marc:subfield>
      <marc:subfield code="0">http://d-nb.info/gnd/122101480</marc:subfield>
      <marc:subfield code="0">(DE-101)122101480</marc:subfield>
      <marc:subfield code="a">Ableitinger, Alfred</marc:subfield>
      <marc:subfield code="d">1938-</marc:subfield>
      <marc:subfield code="e">Herausgeber</marc:subfield>
      <marc:subfield code="4">edt</marc:subfield>
   </marc:datafield>
   <marc:datafield ind1="1" ind2=" " tag="700">
      <marc:subfield code="0">(DE-588)140422536</marc:subfield>
      <marc:subfield code="0">http://d-nb.info/gnd/140422536</marc:subfield>
      <marc:subfield code="0">(DE-101)140422536</marc:subfield>
      <marc:subfield code="a">Dinacher, Gerhard</marc:subfield>
      <marc:subfield code="e">Mitwirkender</marc:subfield>
      <marc:subfield code="4">ctb</marc:subfield>
   </marc:datafield>
   <marc:datafield ind1="2" ind2=" " tag="810">
      <marc:subfield code="a">Historische Landeskommission für Steiermark</marc:subfield>
      <marc:subfield code="4">aut</marc:subfield>
      <marc:subfield code="t">Veröffentlichungen der Historischen Landeskommission für Steiermark</marc:subfield>
      <marc:subfield code="v">Bd. 41</marc:subfield>
      <marc:subfield code="w">(DE-101)016705955</marc:subfield>
      <marc:subfield code="w">(DE-600)1141815-1</marc:subfield>
      <marc:subfield code="9">241</marc:subfield>
      <marc:subfield code="7">as</marc:subfield>
   </marc:datafield>
   <marc:datafield ind1=" " ind2=" " tag="850">
      <marc:subfield code="a">DE-101a</marc:subfield>
   </marc:datafield>
   <marc:datafield ind1="r" ind2=" " tag="925">
      <marc:subfield code="a">rb</marc:subfield>
   </marc:datafield>
</marc:record>
